Telling and Duxbury's Planning Law and Procedure (Record no. 114935)

MARC details
000 -LEADER
fixed length control field 00992cam a22002295a 4500
001 - CONTROL NUMBER
control field L157725
008 - FIXED-LENGTH DATA ELEMENTS--GENERAL INFORMATION
fixed length control field 130411s2012 xxk f 000 0 eng d
020 ## - INTERNATIONAL STANDARD BOOK NUMBER
International Standard Book Number 9780199655021
035 ## - SYSTEM CONTROL NUMBER
System control number (Sirsi) u157725
041 0# - LANGUAGE CODE
Language code of text/sound track or separate title eng
050 04 - LIBRARY OF CONGRESS CALL NUMBER
Classification number 711.026 $2 18
100 1# - MAIN ENTRY--PERSONAL NAME
Personal name Duxbury, Robert
245 00 - TITLE STATEMENT
Title Telling and Duxbury's Planning Law and Procedure
250 ## - EDITION STATEMENT
Edition statement 15th ed.
260 ## - PUBLICATION, DISTRIBUTION, ETC.
Place of publication, distribution, etc. Oxford
Name of publisher, distributor, etc. OUP
Date of publication, distribution, etc. 2012
300 ## - PHYSICAL DESCRIPTION
Extent lxiv, 494p.
Dimensions 25cm
520 ## - SUMMARY, ETC.
Summary, etc. Covers the fundamental principles of planning law in England and Wales and has fully updated to take account of significant developments in legislation and case law since the previous edition. It comprehensively covers all aspects of planning law and includes chapters on central and local administration, development, planning permission, environmental impact assessment, conservation and review by the courts and ombudsmen.
590 ## - LOCAL NOTE (RLIN)
Local note KA
651 #4 - SUBJECT ADDED ENTRY--GEOGRAPHIC NAME
Geographic name ENGLAND AND WALES
690 ## - LOCAL SUBJECT ADDED ENTRY--TOPICAL TERM (OCLC, RLIN)
Topical term or geographic name as entry element Planning and development
9 (RLIN) 6259
942 ## - ADDED ENTRY ELEMENTS (KOHA)
Suppress in OPAC 0
Holdings
Withdrawn status Lost status Source of classification or shelving scheme Damaged status Not for loan Home library Current library Shelving location Date acquired Total Checkouts Full call number Barcode Date last seen Copy number Price effective from Koha item type
    Dewey Decimal Classification     London London Books 11/04/2013   711.026/DUX 30078232 06/08/2019 1 06/08/2019 Book